Βελτιώνω τα Νέα Ελληνικά / Ασκήσεις Γραμματικής - Κείμενα - Ερωτήσεις Κατανόησης - Παραγωγή λέξεων - Κατάλογοι ανωμάλων ρημάτων - Απαντήσεις Ασκήσεων (Record no. 2008)
[ view plain ]
| 000 -LEADER | |
|---|---|
| fixed length control field | 01398cam a22001934a 4500 |
| 005 - ΗΜΕΡΟΜΗΝΙΑ ΚΑΙ ΩΡΑ ΤΕΛΕΥΤΑΙΑΣ ΕΝΗΜΕΡΩΣΗΣ | |
| Πεδίο ελέγχου | 20250605164028.0 |
| 008 - FIXED-LENGTH DATA ELEMENTS--GENERAL INFORMATION | |
| Πεδίο ελέγχου σταθερού μήκους | 250528s ||||||||||||||||||||||||d |
| 035 ## - SYSTEM CONTROL NUMBER | |
| System control number | 16514 |
| 040 ## - ΠΗΓΗ ΚΑΤΑΛΟΓΟΓΡΑΦΗΣΗΣ | |
| Φορέας πρωτότυπης καταλογογράφησης | MC Athens Campus Library |
| Γλώσσα καταλογογράφησης | Ελληνικά, Μοντέρνα (1453-) |
| Modifying agency | MC Athens Campus Library |
| Κανόνες περιγραφικής καταλογογράφησης | AACR2 |
| 245 1# - ΤΙΤΛΟΣ ΚΑΙ ΔΗΛΩΣΗ ΥΠΕΥΘΥΝΟΤΗΤΑΣ | |
| Τίτλος | Βελτιώνω τα Νέα Ελληνικά / Ασκήσεις Γραμματικής - Κείμενα - Ερωτήσεις Κατανόησης - Παραγωγή λέξεων - Κατάλογοι ανωμάλων ρημάτων - Απαντήσεις Ασκήσεων |
| 260 ## - PUBLICATION, DISTRIBUTION, ETC. | |
| Name of publisher, distributor, etc. | Αθήνα, |
| Date of publication, distribution, etc. | 1990 |
| 300 ## - PHYSICAL DESCRIPTION | |
| Extent | 176 |
| 520 ## - SUMMARY, ETC. | |
| Summary, etc. | Πρόλογος, Εισαγωγή, Γενικές Ασκήσεις Γραμματικής και Λεξιλογίου, Ομάδες Ασκήσεων, Κατάλογος Βασικών Ανωμάλων Ρημάτων, Σύνθετα Ρήματα, Ρήματα, Κείμενα, Το Δένδρο, Η Γιαγιά μου η Αθήνα, Οι Εύζωνοι, Μια Κάποια Περίπτωση, Τελευταίο Ταξίδι στα Κύθηρα, Το Τρίτο Στεφάνι, Μεσηβρινή Ανάπαυση, Είναι Άρρωστος ο Πλανήτης μας; Δελτίο Καιρού, Κείμενα, Απαντήσεις. |
| 700 1# - ΠΡΟΣΘΕΤΗ ΑΝΑΓΡΑΦΗ--ΦΥΣΙΚΟ ΠΡΟΣΩΠΟ | |
| Personal name | Ασημακοπούλου Αλεξάνδρα |
| 9 (RLIN) | 2613 |
| 700 1# - ΠΡΟΣΘΕΤΗ ΑΝΑΓΡΑΦΗ--ΦΥΣΙΚΟ ΠΡΟΣΩΠΟ | |
| Personal name | Ψιλλοπούλου Αγγελική |
| 9 (RLIN) | 2614 |
| 942 ## - ADDED ENTRY ELEMENTS (KOHA) | |
| Koha item type | Books |
| Τύπος τεκμηρίου | Βιβλιοθήκη | Τρέχουσα τοποθεσία | Barcode | Αριθμός εισαγωγής | Ημερομηνία απόκτησης | Ταξιθετικό σύμβολο | Αριθμός αντιτύπου | Κατάσταση απόσυρσης | Κατάσταση χαμένου | Κατάσταση κατεστραμμένου | Μη δανεισμός | Σύνολο δανεισμών | Ημερομηνία τελευταίας εμφάνισης | Η τιμή ισχύει από |
|---|---|---|---|---|---|---|---|---|---|---|---|---|---|---|
| Books | MC Athens Campus Library | MC Athens Campus Library | 9780000020079 | 4219 | 05/06/2025 | 489.3824 ASI | 1 | 05/06/2025 | 05/06/2025 |